[Event "CHN-ch U20"]
[Site "Shenzhen"]
[Date "2023.07.31"]
[Round "8"]
[White "Huang, Bangbo"]
[Black "Zhou, Ziyu"]
[Result "1-0"]
[WhiteElo "1833"]
[BlackElo "1314"]
[PlyCount "40"]
[EventDate "2023.07.28"]
[EventType "swiss"]
[EventRounds "11"]
[EventCountry "CHN"]
[SourceTitle "CBM 215 Extra"]
[Source "ChessBase"]
[SourceDate "2023.09.30"]
[SourceVersion "1"]
[SourceVersionDate "2023.09.30"]
[SourceQuality "1"]

1. e4 Nc6 2. d4 d5 3. e5 Bf5 4. c3 e6 5. Nf3 h6 6. Be2 Nge7 7. Nbd2 g5 8. Nf1 Be4 9. Ng3 Nf5 10. Nxe4 dxe4 11. Nd2 e3 12. Ne4 exf2+ 13. Kxf2 Be7 14. Rf1 Qd7 15. Kg1 0-0-0 16. a4 Rdg8 17. Bh5 Rg7 18. a5 Rf8 19. Bg4 Kb8 20. b3 h5 1-0